Fundamentals of Robotics (Record no. 5068)

MARC details
000 -LEADER
fixed length control field 00547nam a2200157Ia 4500
003 - CONTROL NUMBER IDENTIFIER
control field SGT
020 ## - INTERNATIONAL STANDARD BOOK NUMBER
International Standard Book Number 9788120310476
082 ## - DEWEY DECIMAL CLASSIFICATION NUMBER
Classification number 621.381
Item number SCH
100 ## - MAIN ENTRY--PERSONAL NAME
Personal name Schilling,Robert J
245 ## - TITLE STATEMENT
Title Fundamentals of Robotics
260 ## - PUBLICATION, DISTRIBUTION, ETC. (IMPRINT)
Name of publisher, distributor, etc PHI Learning Private Limited
Place of publication, distribution, etc New Delhi
Year of Publication 1990
300 ## - PAGE DESCRIPTION
No. of Pages 425p.
650 ## - SUBJECT ADDED ENTRY--TOPICAL TERM
Topical term or geographic name as entry element ELECTRONICS ENGINEERING
653 ## - KEYWORDS--INDEX TERM
Keyword term ROBOTIC MANIPULATION,DIRECT KINEMATICS THE ARM EQUATION,INVERSE KINEMATICS,SOLVING THE ARM EQUATION,WORK SPACE ANALYSIS AND TRAJECTORY PLANNING,DIFFERENTIAL MOTION AND STATICS
942 ## - ADDED ENTRY ELEMENTS (KOHA)
Source of classification or shelving scheme Dewey Decimal Classification
Koha item type Books
942 ## - ADDED ENTRY ELEMENTS (KOHA)
-- 1
Holdings
Withdrawn status Lost status Source of classification or shelving scheme Damaged status Not for loan Home library Current library Date acquired SGTU Total Checkouts Total Renewals Full call number Accession No. (Barcode) Date last seen Date last borrowed Bill Date Koha item type Use restrictions Collection code Shelving location
    Dewey Decimal Classification     SGT Engineering Library SGT Engineering Library 14/05/2010 SGTU 5 1 621.381 SCH FE2424 16/12/2019 29/11/2019 09/02/2015 Books      
    Dewey Decimal Classification     SGT Engineering Library SGT Engineering Library 14/05/2010 SGTU 3   621.381 SCH FE2425 04/11/2022 21/10/2022 09/02/2015 Books      
    Dewey Decimal Classification   Not For Loan SGT Engineering Library SGT Engineering Library 06/09/2010 SGTU     621.381 SCH FE5580 09/02/2015   09/02/2015 Books Restricted Access ENGINEERING Reference Book
    Dewey Decimal Classification     SGT Engineering Library SGT Engineering Library 06/09/2010 SGTU 2   621.381 SCH FE5581 19/11/2019 30/10/2019 09/02/2015 Books